[Event "SVK-chT4 A22 1819"]
[Site "Slovakia"]
[Date "2018.11.11"]
[Round "3.4"]
[White "Kosar, Mikulas"]
[Black "Brestovansky, Anton"]
[Result "0-1"]
[WhiteElo "1852"]
[BlackElo "1693"]
[PlyCount "44"]
[EventDate "2018.10.14"]
[EventType "team-tourn"]
[EventRounds "11"]
[EventCountry "SVK"]
[SourceTitle "EXT 2020"]
[Source "ChessBase"]
[SourceDate "2019.10.17"]
[SourceVersion "1"]
[SourceVersionDate "2019.10.17"]
[SourceQuality "1"]

1. d4 d5 2. Nf3 Nf6 3. Bf4 e6 4. e3 a6 5. Bd3 Nbd7 6. 0-0 c5 7. c3 c4 8. Bc2 Be7 9. Nbd2 Nh5 10. Ne5 Nxf4 11. exf4 Nxe5 12. fxe5 h5 13. f4 g6 14. a4 Bd7 15. Qf3 Bc6 16. g4 hxg4 17. Qxg4 Kd7 18. Nf3 Qg8 19. Rf2 Rf8 20. Rg2 Rh6 21. Kh1 Qh7 22. Rag1 Rh8 0-1

[Event "SVK-chT4 A22 1617"]
[Site "Slovakia"]
[Date "2016.12.18"]
[Round "6.5"]
[White "Kantor, Reka"]
[Black "Brestovansky, Anton"]
[Result "1-0"]
[WhiteElo "1940"]
[BlackElo "1716"]
[PlyCount "67"]
[EventDate "2016.10.09"]
[EventType "team-tourn"]
[EventRounds "11"]
[EventCountry "SVK"]
[SourceTitle "EXT 2020"]
[Source "ChessBase"]
[SourceDate "2019.10.17"]
[SourceVersion "1"]
[SourceVersionDate "2019.10.17"]
[SourceQuality "1"]

1. e4 c5 2. Nf3 Nc6 3. d4 cxd4 4. Nxd4 d6 5. c4 Nf6 6. Nc3 a6 7. Be2 e6 8. Be3 Be7 9. 0-0 0-0 10. Rc1 Bd7 11. Qd2 Nxd4 12. Qxd4 Bc6 13. Rfd1 Qc7 14. f3 Rad8 15. Qb6 Qxb6 16. Bxb6 Rd7 17. b4 Bd8 18. Bf2 b6 19. b5 axb5 20. cxb5 Bb7 21. Na4 d5 22. e5 Ne8 23. Nxb6 Bxb6 24. Bxb6 f6 25. exf6 Rxf6 26. a4 e5 27. a5 d4 28. Bd3 Bd5 29. Re1 Bxf3 30. gxf3 Rxf3 31. Bc4+ Kf8 32. Rxe5 d3 33. Bc5+ Nd6 34. Rd5 1-0

[Event "SVK-chT4 A22 1617"]
[Site "Slovakia"]
[Date "2016.10.09"]
[Round "1.5"]
[White "Brestovansky, Anton"]
[Black "Janas, Peter"]
[Result "1/2-1/2"]
[WhiteElo "1716"]
[BlackElo "1680"]
[PlyCount "176"]
[EventDate "2016.10.09"]
[EventType "team-tourn"]
[EventRounds "11"]
[EventCountry "SVK"]
[SourceTitle "EXT 2020"]
[Source "ChessBase"]
[SourceDate "2019.10.17"]
[SourceVersion "1"]
[SourceVersionDate "2019.10.17"]
[SourceQuality "1"]

1. d4 Nf6 2. c4 e5 3. Bg5 exd4 4. Qxd4 Be7 5. e3 Nc6 6. Qd1 0-0 7. Nf3 h6 8. Bh4 d5 9. cxd5 Qxd5 10. Qxd5 Nxd5 11. Bxe7 Ndxe7 12. a3 Bg4 13. Be2 Bxf3 14. Bxf3 Ne5 15. Be2 Rfd8 16. 0-0 Rd6 17. b4 c6 18. Nc3 b6 19. h3 Kf8 20. Ne4 Rd7 21. Nc3 a5 22. Na4 Rd2 23. Nxb6 Rb8 24. Nc4 Nxc4 25. Bxc4 axb4 26. axb4 Nd5 27. Bxd5 Rxd5 28. Ra6 Rxb4 29. Rxc6 Rd7 30. Kh2 g6 31. g4 Rb2 32. Kg3 Rdd2 33. h4 Kg7 34. Kf3 Ra2 35. Rc4 Rdb2 36. Rcc1 Rd2 37. Rce1 Kf6 38. Rc1 Rdb2 39. Rc6+ Kg7 40. Kg3 Rd2 41. Rc4 Kf6 42. Rf4+ Kg7 43. Rc1 Rdc2 44. Rh1 Rc5 45. Rh3 Rb5 46. Kg2 Rb7 47. Rhf3 Ra1 48. Rd4 Ra6 49. Rd2 g5 50. hxg5 hxg5 51. Rd5 f6 52. Rd1 Re7 53. Rh3 Kf7 54. Rh7+ Ke6 55. Rxe7+ Kxe7 56. f4 gxf4 57. exf4 Ra3 58. Re1+ Kf7 59. Rf1 Kg6 60. Re1 Kf7 61. Rc1 Kg6 62. Rc6 Kf7 63. Kf2 Rb3 64. Rc2 Kg6 65. Re2 Rh3 66. Re3 Rh1 67. Re7 Rh3 68. Kg2 Ra3 69. Re2 Rb3 70. Rf2 Rc3 71. Rf3 Rc1 72. Kg3 Rh1 73. Rf2 Rh8 74. Rh2 Ra8 75. f5+ Kg7 76. Rd2 Ra3+ 77. Kh4 Ra7 78. Rd4 Rb7 79. Kg3 Rb1 80. Kf4 Rf1+ 81. Ke4 Re1+ 82. Kd5 Kh6 83. Re4 Rg1 84. Ke6 Kg5 85. Kf7 Ra1 86. Rd4 Ra7+ 87. Ke6 Ra5 88. Kf7 Ra7+ 1/2-1/2

[Event "SVK-chT4 A22 1415"]
[Site "Slovakia"]
[Date "2014.10.26"]
[Round "2.4"]
[White "Brestovansky, Anton"]
[Black "Horecky, Peter"]
[Result "0-1"]
[WhiteElo "1717"]
[BlackElo "1985"]
[PlyCount "72"]
[EventDate "2014.10.12"]
[EventType "team-tourn"]
[EventRounds "11"]
[EventCountry "SVK"]
[SourceTitle "EXT 2019"]
[Source "ChessBase"]
[SourceDate "2018.10.10"]
[SourceVersion "1"]
[SourceVersionDate "2018.10.10"]
[SourceQuality "1"]

1. d4 Nf6 2. c4 g6 3. Nc3 Bg7 4. Bg5 h6 5. Bh4 d6 6. Nf3 0-0 7. e3 c6 8. Bd3 Nbd7 9. 0-0 e5 10. dxe5 dxe5 11. Nd2 Qc7 12. Qc2 Nc5 13. Be2 Nh7 14. h3 f5 15. f4 a5 16. Rac1 exf4 17. exf4 Ne6 18. Bg3 Nd4 19. Qb1 Be6 20. Bd3 Rad8 21. Nf3 Qb6 22. Kh1 Nxf3 23. Rxf3 Qb4 24. a3 Qb3 25. Nd1 Qb6 26. Nc3 Qc7 27. Bf2 b6 28. b4 axb4 29. axb4 Bd4 30. Qc2 Rd7 31. Bxd4 Rxd4 32. Ne2 Rd7 33. Kg1 Rfd8 34. Kf2 Nf6 35. Qc3 Kf7 36. Rc2 Rxd3 0-1

[Event "SVK-chT4 A22 1314"]
[Site "Slovakia"]
[Date "2014.01.12"]
[Round "6.2"]
[White "Brestovansky, Anton"]
[Black "Hornak, Pavol"]
[Result "1/2-1/2"]
[WhiteElo "1700"]
[BlackElo "1750"]
[PlyCount "70"]
[EventDate "2013.10.06"]
[EventType "team-tourn"]
[EventRounds "11"]
[EventCountry "SVK"]
[SourceTitle "EXT 2015"]
[Source "ChessBase"]
[SourceDate "2014.11.20"]
[SourceVersion "1"]
[SourceVersionDate "2014.11.20"]
[SourceQuality "1"]
[WhiteTeam "Dolna Krupa SK"]
[BlackTeam "Cifer II"]
[WhiteTeamCountry "SVK"]
[BlackTeamCountry "SVK"]

1. d4 Nf6 2. c4 g6 3. Nc3 Bg7 4. e4 d6 5. Nf3 Nbd7 6. Be3 0-0 7. Qc2 e5 8. dxe5 Nxe5 9. Nxe5 dxe5 10. Be2 c6 11. 0-0 Qe7 12. a3 Ng4 13. Bxg4 Bxg4 14. b4 b6 15. c5 b5 16. a4 a6 17. a5 Rad8 18. h3 Be6 19. Rfd1 f5 20. f3 f4 21. Bf2 h5 22. Rxd8 Rxd8 23. Rd1 g5 24. Rxd8+ Qxd8 25. Qd1 Qxd1+ 26. Nxd1 g4 27. hxg4 hxg4 28. Nb2 Bf6 29. Be1 Kf7 30. Bc3 gxf3 31. gxf3 Bb3 32. Nd3 Ke6 33. Nf2 Bc4 34. Ng4 Be2 35. Kg2 Bd1 1/2-1/2

[Event "SVK-chT4 A22 1314"]
[Site "Slovakia"]
[Date "2013.10.06"]
[Round "1.3"]
[White "Puobis, Jozef"]
[Black "Brestovansky, Anton"]
[Result "1-0"]
[WhiteElo "1857"]
[BlackElo "1700"]
[PlyCount "77"]
[EventDate "2013.10.06"]
[EventType "team-tourn"]
[EventRounds "11"]
[EventCountry "SVK"]
[SourceTitle "EXT 2015"]
[Source "ChessBase"]
[SourceDate "2014.11.20"]
[SourceVersion "1"]
[SourceVersionDate "2014.11.20"]
[SourceQuality "1"]
[WhiteTeam "Gabcikovo Russel II"]
[BlackTeam "Dolna Krupa SK"]
[WhiteTeamCountry "SVK"]
[BlackTeamCountry "SVK"]

1. e4 c5 2. Nf3 Nc6 3. Bb5 a6 4. Bxc6 bxc6 5. 0-0 d6 6. Re1 e5 7. h3 Nf6 8. d3 h6 9. Nbd2 Be7 10. Nf1 Be6 11. N3h2 Qc8 12. Qf3 Rb8 13. b3 Rb6 14. Bd2 Rb8 15. Ne3 Rb7 16. Nf5 Bxf5 17. exf5 Nd5 18. a3 Bg5 19. Be3 Ne7 20. g4 Bxe3 21. fxe3 f6 22. Re2 d5 23. Rd1 0-0 24. Qg3 Rd8 25. e4 d4 26. h4 a5 27. a4 Kf7 28. g5 Rg8 29. Ng4 h5 30. gxf6 hxg4 31. fxe7 Rxe7 32. Qxg4 Qd7 33. Qh5+ Kf8 34. Rg2 Qe8 35. Rg6 Qd7 36. Kh2 Rf7 37. Rdg1 Rf6 38. Rxf6+ gxf6 39. Qh6+ 1-0

[Event "SVK-chT4 A22 1213"]
[Site "Slovakia"]
[Date "2013.02.03"]
[Round "8.3"]
[White "Puskar, David"]
[Black "Brestovansky, Anton"]
[Result "1-0"]
[WhiteElo "1699"]
[BlackElo "1708"]
[PlyCount "103"]
[EventDate "2012.10.14"]
[EventType "team-tourn"]
[EventRounds "11"]
[EventCountry "SVK"]
[SourceTitle "EXT 2015"]
[Source "ChessBase"]
[SourceDate "2014.11.20"]
[SourceVersion "1"]
[SourceVersionDate "2014.11.20"]
[SourceQuality "1"]
[WhiteTeam "Trnava Lokomotiva Solartec V"]
[BlackTeam "Dolna Krupa SK"]
[WhiteTeamCountry "SVK"]
[BlackTeamCountry "SVK"]

1. c4 g6 2. g3 Bg7 3. Bg2 Nf6 4. Nc3 0-0 5. Nf3 d6 6. d4 c6 7. 0-0 Nbd7 8. Re1 d5 9. cxd5 cxd5 10. Bf4 a6 11. Qd2 e6 12. Bh6 b5 13. Bxg7 Kxg7 14. Rac1 Bb7 15. a3 Rc8 16. Rc2 Ne8 17. Rec1 Nd6 18. b3 f5 19. Qe3 Re8 20. Nd1 Rxc2 21. Rxc2 Nf7 22. Qc3 Qc8 23. Qxc8 Rxc8 24. Rxc8 Bxc8 25. Nb2 g5 26. Nd3 g4 27. Nd2 Nd8 28. b4 Nb7 29. Nb3 Kf6 30. Kf1 Nd6 31. Nd2 Nc4 32. Nxc4 dxc4 33. Nc5 Nxc5 34. dxc5 Ke5 35. e3 Kf6 36. Ke2 Ke7 37. Kd2 e5 38. Bd5 Be6 39. Bb7 Bd7 40. Bxa6 Bc6 41. Bc8 Kf6 42. Kc3 h5 43. Ba6 Kg5 44. a4 bxa4 45. Bxc4 h4 46. b5 Be4 47. c6 f4 48. c7 Bb7 49. b6 fxg3 50. fxg3 hxg3 51. hxg3 Kf5 52. Bd5 1-0

[Event "SVK-chT4 A22 1213"]
[Site "Slovakia"]
[Date "2012.10.28"]
[Round "2.3"]
[White "Brestovansky, Anton"]
[Black "Hornak, Pavol"]
[Result "1-0"]
[WhiteElo "1708"]
[BlackElo "1753"]
[PlyCount "118"]
[EventDate "2012.10.14"]
[EventType "team-tourn"]
[EventRounds "11"]
[EventCountry "SVK"]
[SourceTitle "EXT 2015"]
[Source "ChessBase"]
[SourceDate "2014.11.20"]
[SourceVersion "1"]
[SourceVersionDate "2014.11.20"]
[SourceQuality "1"]
[WhiteTeam "Dolna Krupa SK"]
[BlackTeam "Cifer II"]
[WhiteTeamCountry "SVK"]
[BlackTeamCountry "SVK"]

1. d4 Nf6 2. c4 g6 3. Nc3 d5 4. e3 Bg7 5. Nf3 0-0 6. Bd3 Nc6 7. a3 Bg4 8. h3 Be6 9. c5 b6 10. b4 Bd7 11. b5 Nb8 12. c6 Bc8 13. Bb2 Bf5 14. Qc2 Bxd3 15. Qxd3 a6 16. a4 axb5 17. axb5 Ra5 18. 0-0 Qd6 19. Rxa5 bxa5 20. Ra1 Nxc6 21. bxc6 Qxc6 22. Ne5 Qb6 23. Na4 Qb8 24. Ba3 Re8 25. Rb1 Qc8 26. Qb5 Qf5 27. Rc1 Rc8 28. Qxa5 Ne4 29. Nf3 Qd7 30. Nc5 Nxc5 31. Rxc5 c6 32. Ne5 Bxe5 33. dxe5 e6 34. Qc3 Kg7 35. Ra5 Rb8 36. Bd6 Rb1+ 37. Kh2 Qb7 38. Qd4 g5 39. Ra7 Qb5 40. Ra1 Rb2 41. Qd1 Rxf2 42. Rb1 Qe2 43. Qxe2 Rxe2 44. Bc5 Rc2 45. Be7 Kg6 46. Rb8 h6 47. Kg3 Kf5 48. Rf8 Kxe5 49. Rxf7 Ke4 50. Rh7 Kxe3 51. Rxh6 e5 52. Bxg5+ Kd3 53. Re6 Ke4 54. h4 d4 55. h5 d3 56. h6 Rc1 57. h7 Rh1 58. Bh4 d2 59. h8Q d1Q 1-0